| Поле | Инд. | ПП | Название | Значение |
|---|---|---|---|---|
| Тип записи | a | |||
| Библиографический уровень | a | |||
| 001 | Контрольный номер | b74bb3ed6ae545a2a369b323cbbf9589 | ||
| 005 | Дата корректировки | 20190129125717.4 | ||
| 100 | a | Данные общей обработки | 20190129 ||| 0rusy0189 ca | |
| 101 | 0_ | a | Язык текста | rus |
| 102 | a | Страна публикации | RU | |
| 200 | 1_ | f | Первые сведения об ответственности | Т. Кочанова |
| a | Заглавие | Что изменилось в законе "Об участии в долевом строительстве многоквартирных домов и иных объектов недвижимости" № 214-ФЗ? | ||
| b | Общее обозначение материала | Текст | ||
| 210 | 1_ | d | Дата издания | 2018 |
| 461 | _0 | 1 | 2000 | |
| a | Жилищное право | |||
| 463 | _0 | 1 | 2000 | |
| a | № 12 | |||
| v | С. 43-56 | |||
| 1 | 2101 | |||
| d | 2018 | |||
| 1 | 001259c0aade43f4c37ae5522d4d7c59c8e | |||
| 606 | a | Основная рубрика | Гражданское и торговое право | |
| 610 | 0_ | a | Ключевые слова | ЖИЛИЩНОЕ ПРАВО |
| a | Ключевые слова | ЖИЛИЩНЫЕ СПОРЫ | ||
| a | Ключевые слова | СТРОИТЕЛЬСТВО ДОЛЕВОЕ | ||
| 700 | _1 | a | Фамилия | Кочанова |
| b | Имя | Т. | ||
| 801 | _0 | a | Страна | RU |
| b | Организация | РГУП | ||
| c | Дата составления | 20190129 | ||
| g | Правила каталогизации | PSBO | ||
| 801 | _1 | a | Страна | RU |
| b | Организация | РГУП | ||
| c | Дата составления | 20190129 | ||
| g | Правила каталогизации | PSBO | ||
| 901 | t | Тип документа | b | |
| w | Контрольный № источника | 259c0aade43f4c37ae5522d4d7c59c8e | ||
| 905 | a | Дата ввода | 20190129 |